Sports Quiz

Random Sports or Football Quiz

Richard Sherman Interceptions Quiz Stats

 Plays Quiz Updated Nov 19, 2017

Score 0/26 Timer 03:00
4 Plays Today
Season Quarterback % Correct
2013-14Carson Palmer
90.7%
2011-12Andy Dalton
88.3%
2012-13Tom Brady
87.1%
2014-15Aaron Rodgers
86.1%
2013-14Eli Manning
84.6%
2014-15Cam Newton
84.2%
2012-13Colin Kaepernick
81.8%
2013-14Colin Kaepernick
81.8%
2014-15Colin Kaepernick
81.8%
2016-17Carson Wentz
80.8%
2016-17Tyrod Taylor
78.2%
2015-16Ben Roethlisberger
78.1%
2014-15Derek Carr
76.9%
Season Quarterback % Correct
2017-18Deshaun Watson
74.4%
2016-17Ryan Fitzpatrick
63.6%
2012-13Sam Bradford
61.3%
2013-14Ryan Fitzpatrick
58.4%
2013-14Matt Schaub
57.4%
2012-13Mark Sanchez
57.3%
2011-12Josh McCown
38.9%
2011-12Rex Grossman
30.8%
2011-12John Skelton
21.6%
2012-13John Skelton
21.6%
2014-15Ryan Lindley
19.7%
2015-16Jimmy Clausen
8.2%
2013-14Kellen Clemens
5.3%

You're not logged in!

Compare scores with friends on all Sporcle quizzes.
OR
Log In

You Might Also Like...

Show Comments

Extras

Top Quizzes Today


Score Distribution

Your Account Isn't Verified!

In order to create a playlist on Sporcle, you need to verify the email address you used during registration. Go to your Sporcle Settings to finish the process.

Report this User

Report this user for behavior that violates our Community Guidelines.

Details: